[Event "SR 5. liga SE-SI 2017/2018"]
[Site "?"]
[Date "2018.02.17"]
[Round "7.1"]
[White "Sefcik, Oliver"]
[Black "Oslej, Marek"]
[Result "0-1"]
[WhiteElo "1116"]
[BlackElo "1210"]
[PlyCount "172"]
[EventDate "2017.??.??"]
[WhiteTeam "Å achovÃ½ klub HolÃ­Ä� C"]
[BlackTeam "CVÄŒ Senica C"]

1. e4 e5 2. Bc4 Nf6 3. d3 Nc6 4. Nc3 Bc5 5. f4 d6 6. Nf3 Bg4 7. Na4 Bb6 8. Nxb6
axb6 9. c3 O-O 10. O-O Na5 11. Bb3 Nxb3 12. Qxb3 Ra6 13. f5 Bxf3 14. Rxf3 Kh8
15. h3 Nh5 16. g4 Nf4 17. Bxf4 exf4 18. Rxf4 Qg5 19. Raf1 Qh4 20. R4f3 Qf6 21.
a3 Rfa8 22. Rg3 Kg8 23. d4 Qe7 24. Qc2 c5 25. dxc5 bxc5 26. g5 Qe5 27. Kg2 Re8
28. Rg4 b5 29. g6 Ra5 30. gxh7+ Kxh7 31. Qe2 Kg8 32. f6 g6 33. Qe3 Qh5 34. Qf4
Re5 35. Kh2 Ra4 36. Rh4 Qg5 37. Qxg5 Rxg5 38. Rd1 Ra6 39. b4 c4 40. Rg4 Rxg4
41. hxg4 Rxa3 42. Rc1 Ra2+ 43. Kg3 Kf8 44. g5 Ke8 45. Kf3 Kd7 46. Ke3 Rh2 47.
Rg1 Ke6 48. Rg3 Ke5 49. Rg4 Rc2 50. Rh4 Rxc3+ 51. Kd2 Rd3+ 52. Kc2 Rd4 53. Rh7
Ke6 54. Rh4 Rd3 55. Rh8 Kd7 56. Rf8 Rh3 57. Rxf7+ Ke8 58. Rg7 Kf8 59. Rxg6 Rh7
60. f7 Rh5 61. Rxd6 Rxg5 62. Rd7 Rg4 63. Rb7 Rg5 64. Kc3 Re5 65. Kd4 Rh5 66. e5
Rh4+ 67. Kd5 c3 68. Rc7 Rc4 69. Rb7 c2 70. Rb8+ Kxf7 71. Rb7+ Ke8 72. Rb8+ Kd7
73. e6+ Kc7 74. e7 c1=Q 75. e8=Q Qd2+ 76. Ke5 Qh2+ 77. Kd5 Qd2+ 78. Ke5 Qe3+
79. Kf6 Rf4+ 80. Kg7 Qd4+ 81. Kg8 Qd5+ 82. Kg7 Rg4+ 83. Kf6 Qd6+ 84. Kf5 Rf4+
85. Kg5 Qf6+ 86. Kh5 Rh4# 0-1

[Event "SR 5. liga SE-SI 2017/2018"]
[Site "?"]
[Date "2018.02.17"]
[Round "7.1"]
[White "Valent, Tomas"]
[Black "Cermak, Lukas"]
[Result "1-0"]
[WhiteElo "1189"]
[BlackElo "1000"]
[PlyCount "55"]
[EventDate "2017.??.??"]
[WhiteTeam "CVÄŒ Senica C"]
[BlackTeam "Å achovÃ½ klub HolÃ­Ä� C"]

1. e4 e5 2. Nf3 Nc6 3. Bb5 Bc5 4. O-O Nf6 5. d3 a6 6. Bxc6 bxc6 7. Nxe5 O-O 8.
Bg5 h6 9. Bh4 d6 10. Nxc6 Qd7 11. Na5 Bb6 12. Nb3 Bb7 13. N1d2 Rfe8 14. Bxf6
gxf6 15. Qh5 d5 16. Qxh6 Re6 17. Nf3 dxe4 18. dxe4 Bxe4 19. Rad1 Qc8 20. Nbd4
Rd6 21. c3 Bxf3 22. gxf3 c5 23. Ne2 Rxd1 24. Rxd1 Qe6 25. Kh1 f5 26. Rg1+ Qg6
27. Rxg6+ fxg6 28. Qxg6+ 1-0

[Event "SR 5. liga SE-SI 2017/2018"]
[Site "?"]
[Date "2018.02.17"]
[Round "7.2"]
[White "Ulehla, Jakub"]
[Black "Brunovsky, Peter"]
[Result "1/2-1/2"]
[WhiteElo "1785"]
[BlackElo "1829"]
[PlyCount "35"]
[EventDate "2017.??.??"]
[WhiteTeam "CVÄŒ Senica D"]
[BlackTeam "Å K Nafta Gbely D"]

1. e4 c6 2. d4 d5 3. e5 Bf5 4. Nc3 e6 5. g4 Bg6 6. Nge2 c5 7. h4 h5 8. Nf4 Bh7
9. Nxh5 Nc6 10. Bb5 cxd4 11. Qxd4 Nge7 12. Bg5 Qc7 13. O-O-O a6 14. Qa4 Nc8 15.
Bxc6+ Qxc6 16. Qf4 b5 17. Rd2 Nb6 18. Ne2 1/2-1/2

[Event "SR 5. liga SE-SI 2017/2018"]
[Site "?"]
[Date "2018.02.17"]
[Round "7.2"]
[White "Hyza, Richard"]
[Black "Drozd, Jan"]
[Result "0-1"]
[WhiteElo "1386"]
[BlackElo "1527"]
[PlyCount "108"]
[EventDate "2017.??.??"]
[WhiteTeam "Å K Nafta Gbely D"]
[BlackTeam "CVÄŒ Senica D"]

1. e4 e5 2. Nf3 Nc6 3. Bc4 Bc5 4. d3 Nf6 5. Nc3 a6 6. O-O h6 7. Be3 Bxe3 8.
fxe3 d6 9. Qe2 Na5 10. Bb3 Nxb3 11. axb3 O-O 12. d4 exd4 13. exd4 Bg4 14. Rad1
Qe8 15. e5 dxe5 16. dxe5 Nh7 17. Nd5 Rc8 18. Qe4 f5 19. Qe3 Ng5 20. Rd2 Bxf3
21. gxf3 f4 22. Qe2 c6 23. Nb6 Rd8 24. Rxd8 Qxd8 25. Nc4 Qd4+ 26. Kg2 Re8 27.
c3 Qd5 28. Rd1 Qe6 29. Rd3 b5 30. Nd2 Qxe5 31. Qxe5 Rxe5 32. h4 Nf7 33. Ne4 c5
34. c4 Kf8 35. Kh3 g5 36. hxg5 Nxg5+ 37. Nxg5 Rxg5 38. Rd6 Rg3+ 39. Kh2 Rxf3
40. Rxh6 Kg7 41. Kg2 Rg3+ 42. Kf2 Kxh6 43. cxb5 axb5 44. Ke2 Rxb3 45. Kf2 Rxb2+
46. Kf3 Rb4 47. Ke2 Kg5 48. Kf3 c4 49. Kf2 c3 50. Ke2 Rc4 51. Kd3 c2 52. Ke2
c1=Q 53. Kf3 Qa3+ 54. Kf2 Rc2+ 0-1

[Event "SR 5. liga SE-SI 2017/2018"]
[Site "?"]
[Date "2018.02.17"]
[Round "7.2"]
[White "Bazovsky, Max"]
[Black "Ralbovsky, Dominik"]
[Result "0-1"]
[WhiteElo "1347"]
[BlackElo "1079"]
[PlyCount "182"]
[EventDate "2017.??.??"]
[WhiteTeam "CVÄŒ Senica D"]
[BlackTeam "Å K Nafta Gbely D"]

1. d4 d5 2. e3 Bf5 3. Nc3 e6 4. Bd3 Bg6 5. Bxg6 hxg6 6. Bd2 a6 7. Qe2 Nc6 8.
O-O-O Nf6 9. f3 Bd6 10. h3 Bg3 11. Be1 Nh5 12. f4 g5 13. fxg5 Qxg5 14. Nf3 Qf6
15. Rf1 Bxe1 16. Qxe1 Qg6 17. Qf2 O-O 18. g4 Nf6 19. Qg3 Rac8 20. Rh1 Ne4 21.
Nxe4 Qxe4 22. Ng5 Qg6 23. a3 Qxg5 24. h4 Qg6 25. g5 f6 26. Rdg1 fxg5 27. hxg5
Rf5 28. Qh2 Kf7 29. Qg3 Ke7 30. Rh4 Kd7 31. Rf4 Rh8 32. b3 Rxf4 33. Qxf4 Nd8
34. c4 Qe4 35. Qf2 c6 36. Kd2 Ke7 37. g6 Rh1 38. Rg2 Ra1 39. Kc3 Rxa3 40. Kb4
Ra1 41. Rh2 Rh1 42. Rg2 Rh6 43. Qg3 Kd7 44. Kc5 Qh4 45. Qd6+ Ke8 46. Qe5 Qe7+
47. Kb6 dxc4 48. bxc4 Rh4 49. c5 Qf6 50. Qd6 Re4 51. Rg3 e5 52. d5 cxd5 53.
Qxf6 gxf6 54. g7 Rb4+ 55. Ka7 Nc6+ 56. Ka8 Ne7 57. g8=Q+ Nxg8 58. Rxg8+ Kf7 59.
Rg2 b6 60. cxb6 Rxb6 61. Ka7 Rb3 62. Re2 Ra3 63. Kb6 Kg6 64. Kc5 d4 65. exd4
exd4 66. Kxd4 Kg5 67. Rg2+ Kf5 68. Rf2+ Ke6 69. Re2+ Kf7 70. Rf2 a5 71. Kc4 Re3
72. Ra2 Re5 73. Kd4 Ke6 74. Rf2 f5 75. Rf4 a4 76. Kd3 Ra5 77. Rf2 Ke5 78. Re2+
Kf4 79. Rc2 Rd5+ 80. Ke2 Rd4 81. Rc3 Re4+ 82. Kf2 Kg5 83. Rg3+ Kh4 84. Rg7 Rf4+
85. Ke3 Rg4 86. Ra7 Kg3 87. Rf7 f4+ 88. Ke2 Kg2 89. Rc7 f3+ 90. Ke3 f2 91. Rc2
Rg3+ 0-1

[Event "SR 5. liga SE-SI 2017/2018"]
[Site "?"]
[Date "2018.02.17"]
[Round "7.2"]
[White "Lanza, Matej"]
[Black "Kaufman, Robert"]
[Result "0-1"]
[WhiteElo "1228"]
[BlackElo "1296"]
[PlyCount "82"]
[EventDate "2017.??.??"]
[WhiteTeam "Å K Nafta Gbely D"]
[BlackTeam "CVÄŒ Senica D"]

1. d4 d5 2. Nc3 Nf6 3. Nf3 Bf5 4. Bf4 e6 5. e3 Bb4 6. a3 Bd6 7. Bxd6 cxd6 8. h3
O-O 9. Be2 Nc6 10. O-O Qd7 11. Qd2 Rfe8 12. Bd3 Bg6 13. Rab1 e5 14. dxe5 dxe5
15. Bxg6 hxg6 16. Rfd1 Rad8 17. Na4 b6 18. Qe2 e4 19. Nh4 Na5 20. b4 Nc4 21.
Nb2 Nxa3 22. Ra1 Nb5 23. c4 Nc3 24. Qc2 Nxd1 25. Rxd1 Qc7 26. Qa4 dxc4 27. Rc1
c3 28. Nd1 Rd3 29. f4 Red8 30. Nf2 Rd2 31. Qb3 c2 32. g3 Rd1+ 33. Nxd1 Rxd1+
34. Rxd1 cxd1=Q+ 35. Qxd1 Qc3 36. Qd8+ Kh7 37. Kg2 Qxe3 38. Qd1 Nh5 39. Qg4
Qd2+ 40. Kf1 e3 41. Nf3 Qf2# 0-1

[Event "SR 5. liga SE-SI 2017/2018"]
[Site "?"]
[Date "2018.02.17"]
[Round "7.2"]
[White "Kaufman, Roman"]
[Black "Vyrubal, Ondrej"]
[Result "1-0"]
[WhiteElo "1000"]
[BlackElo "1000"]
[PlyCount "75"]
[EventDate "2017.??.??"]
[WhiteTeam "CVÄŒ Senica D"]
[BlackTeam "Å K Nafta Gbely D"]

1. e4 e5 2. Nf3 Nf6 3. Nc3 Nc6 4. Bc4 Bb4 5. O-O O-O 6. d3 d6 7. a3 Ba5 8. b4
Be6 9. Bxe6 fxe6 10. bxa5 Nxa5 11. Ng5 Qe8 12. Bd2 Qh5 13. Qxh5 Nxh5 14. Nxe6
Rfc8 15. Nb5 Nf6 16. Bxa5 Ne8 17. Nbxc7 Nxc7 18. Nxc7 Rab8 19. Rfc1 Rf8 20. Bb4
Rbd8 21. Ne6 Rde8 22. Nxf8 Rxf8 23. Bxd6 Rf7 24. Bxe5 Re7 25. Bd4 Rd7 26. Bxa7
Rc7 27. Rab1 Rd7 28. Re1 Rf7 29. e5 Re7 30. d4 Rf7 31. d5 Re7 32. d6 Rd7 33.
Rbd1 Rd8 34. e6 Re8 35. d7 Rd8 36. Bb6 Rf8 37. d8=Q Rxd8 38. Rxd8# 1-0

[Event "SR 5. liga SE-SI 2017/2018"]
[Site "?"]
[Date "2018.02.17"]
[Round "7.3"]
[White "Nemeckay, Rastislav"]
[Black "Jakubec, Milan"]
[Result "1/2-1/2"]
[WhiteElo "1946"]
[BlackElo "2006"]
[PlyCount "114"]
[EventDate "2017.??.??"]
[WhiteTeam "Interchess ZÅ  BorskÃ½ MikulÃ¡Å¡"]
[BlackTeam "Å O Spartak Myjava"]

1. e4 e5 2. Nf3 Nc6 3. Bb5 a6 4. Bxc6 dxc6 5. d4 Bg4 6. dxe5 Qxd1+ 7. Kxd1
O-O-O+ 8. Ke2 Re8 9. h3 Bxf3+ 10. Kxf3 Rxe5 11. Bf4 Re6 12. Nd2 Nf6 13. Rhe1
Bc5 14. Re2 Rhe8 15. Rae1 Nh5 16. Be3 Bxe3 17. Rxe3 Rf6+ 18. Ke2 Nf4+ 19. Kf1
Rg6 20. Rg3 Rxg3 21. fxg3 Ng6 22. Nf3 f6 23. Kf2 c5 24. g4 h6 25. g3 Kd7 26.
Ke3 b6 27. b3 Ne5 28. Rd1+ Ke6 29. Nxe5 fxe5 30. Rd2 c6 31. Rf2 Rd8 32. Rd2 Ra8
33. g5 hxg5 34. Kf3 Rh8 35. Kg4 a5 36. Rh2 Rf8 37. Re2 Rf1 38. Kxg5 Rf3 39. Kg4
Rf1 40. h4 c4 41. Kg5 Rf3 42. g4 c3 43. h5 b5 44. Kg6 Ke7 45. g5 Kf8 46. h6
gxh6 47. gxh6 Kg8 48. Rg2 Rf4 49. Rg5 Rf2 50. h7+ Kh8 51. Rxe5 Rg2+ 52. Kf7
Rxc2 53. Rc5 Re2 54. Rxc3 Rxe4 55. Rxc6 Re2 56. a4 bxa4 57. bxa4 Re4 1/2-1/2

[Event "SR 5. liga SE-SI 2017/2018"]
[Site "?"]
[Date "2018.02.17"]
[Round "7.3"]
[White "Solovic, Rastislav"]
[Black "Visvader, Kristof"]
[Result "1-0"]
[WhiteElo "1857"]
[BlackElo "1281"]
[PlyCount "61"]
[EventDate "2017.??.??"]
[WhiteTeam "Å O Spartak Myjava"]
[BlackTeam "Interchess ZÅ  BorskÃ½ MikulÃ¡Å¡"]

1. e4 e5 2. Nf3 Nc6 3. Bc4 Be7 4. O-O Nf6 5. Nc3 Nxe4 6. Bxf7+ Kxf7 7. Nxe4 d5
8. Ng3 Rf8 9. d4 e4 10. Ne5+ Nxe5 11. dxe5 Be6 12. Be3 Kg8 13. f4 Qd7 14. f5
Bxf5 15. Nxf5 Rxf5 16. Rxf5 Qxf5 17. Qxd5+ Kh8 18. Qxb7 Qc8 19. Qxc8+ Rxc8 20.
Rd1 a6 21. Rd7 Bf8 22. Kf2 c5 23. Ra7 Rc6 24. Ra8 Kg8 25. Bg5 Kf7 26. Ke3 Re6
27. Kxe4 Rg6 28. Kf5 h6 29. Ra7+ Kg8 30. Kxg6 hxg5 31. Ra8 1-0

[Event "SR 5. liga SE-SI 2017/2018"]
[Site "?"]
[Date "2018.02.17"]
[Round "7.3"]
[White "Visvader, Rudolf"]
[Black "Otepka, Vladimir"]
[Result "0-1"]
[WhiteElo "1285"]
[BlackElo "1756"]
[PlyCount "98"]
[EventDate "2017.??.??"]
[WhiteTeam "Interchess ZÅ  BorskÃ½ MikulÃ¡Å¡"]
[BlackTeam "Å O Spartak Myjava"]

1. e4 c5 2. Nc3 d6 3. Bc4 Nf6 4. d3 e6 5. Bg5 Be7 6. Nf3 Nc6 7. Be3 Ng4 8. Qd2
Nxe3 9. Qxe3 Bf6 10. O-O a6 11. Rad1 O-O 12. Rfe1 Qc7 13. Qf4 Bd7 14. a3 Rad8
15. Rb1 Ne5 16. Ba2 b5 17. Ne2 Bc6 18. Nxe5 Bxe5 19. Qh4 Bf6 20. Qf4 Qe7 21. g3
Bg5 22. Qg4 Bd2 23. Rf1 e5 24. f4 d5 25. Rbd1 Be3+ 26. Kh1 dxe4 27. d4 exd4 28.
f5 Qf6 29. Nf4 Bxf4 30. Rxf4 e3+ 31. Kg1 Bd5 32. Bb1 Rfe8 33. Qe2 Bc4 34. Qf3
e2 35. Re1 Re3 36. Qf2 Rde8 37. Qg2 Rd8 38. Qf2 Qe5 39. g4 d3 40. cxd3 Bxd3 41.
f6 Bxb1 42. fxg7 Bg6 43. h4 Rd1 44. h5 Rxe1+ 45. Kh2 Rf1 46. hxg6 Rxf2+ 47. Kg1
Qxf4 48. gxh7+ Kxh7 49. g8=Q+ Kxg8 0-1

[Event "SR 5. liga SE-SI 2017/2018"]
[Site "?"]
[Date "2018.02.17"]
[Round "7.3"]
[White "Kiss, Andrej"]
[Black "Jankovic, Erik"]
[Result "1-0"]
[WhiteElo "1718"]
[BlackElo "1000"]
[PlyCount "67"]
[EventDate "2017.??.??"]
[WhiteTeam "Å O Spartak Myjava"]
[BlackTeam "Interchess ZÅ  BorskÃ½ MikulÃ¡Å¡"]

1. e4 e5 2. Nf3 Nc6 3. d4 d5 4. exd5 Nb4 5. dxe5 Nxd5 6. Be2 f6 7. exf6 Ngxf6
8. O-O Bg4 9. Re1 c6 10. Bg5 Be7 11. c3 Qd6 12. Bh4 O-O-O 13. Bg3 Qd7 14. Nbd2
Bd6 15. Ne5 Bxe5 16. Bxe5 Rde8 17. Bxg4 Nxg4 18. Bg3 Rxe1+ 19. Qxe1 Re8 20. Qd1
Ndf6 21. Nc4 Qd5 22. Qxd5 cxd5 23. Nd6+ Kd7 24. Nxe8 Nxe8 25. h3 Ngf6 26. Rd1
Kc6 27. Be5 a6 28. Bxf6 Nxf6 29. f3 b5 30. Rd4 a5 31. a4 bxa4 32. Rxa4 Kb5 33.
b3 Nd7 34. Rd4 1-0

[Event "SR 5. liga SE-SI 2017/2018"]
[Site "?"]
[Date "2018.02.17"]
[Round "7.3"]
[White "Buraj, Patrik"]
[Black "Knapek, Adrian"]
[Result "0-1"]
[WhiteElo "1000"]
[BlackElo "1437"]
[PlyCount "42"]
[EventDate "2017.??.??"]
[WhiteTeam "Interchess ZÅ  BorskÃ½ MikulÃ¡Å¡"]
[BlackTeam "Å O Spartak Myjava"]

1. e4 e5 2. Nf3 Nc6 3. Bb5 Nd4 4. Nxd4 exd4 5. Ba4 Nf6 6. e5 Nd5 7. Bb3 Nf4 8.
Qf3 Ne6 9. c3 Bc5 10. d3 O-O 11. Nd2 d6 12. Ne4 dxe5 13. Nxc5 Nxc5 14. Bc2 Be6
15. b4 Bd5 16. Qh5 g6 17. Qxe5 Re8 18. Qxe8+ Qxe8+ 19. Kd2 dxc3+ 20. Kd1 Bxg2
21. Re1 Bf3+ 0-1

[Event "SR 5. liga SE-SI 2017/2018"]
[Site "?"]
[Date "2018.02.17"]
[Round "7.4"]
[White "Tomasovic, Roman"]
[Black "Jarabek, Milan"]
[Result "0-1"]
[WhiteElo "1556"]
[BlackElo "1713"]
[PlyCount "86"]
[EventDate "2017.??.??"]
[WhiteTeam "Å K Å tefanov B"]
[BlackTeam "Å K Skalica D"]

1. d4 Nf6 2. c4 e5 3. Bg5 exd4 4. Qxd4 Be7 5. Nf3 O-O 6. e3 Nc6 7. Qd1 d5 8. a3
Be6 9. Qc2 d4 10. Bd3 dxe3 11. Bxe3 g6 12. h3 Nd7 13. O-O Nde5 14. Nxe5 Nxe5
15. Be2 Bf6 16. Nd2 Bf5 17. Qb3 Qd7 18. Rad1 Qc8 19. Nf3 c6 20. Nxe5 Bxe5 21.
Bd4 Re8 22. Bxe5 Rxe5 23. Bd3 Bxh3 24. f4 Qg4 25. Rf2 Re3 26. Qc2 Qg3 27. Bf1
Rae8 28. Rd3 Bf5 29. Rxe3 Qxe3 30. Qd2 Qxd2 31. Rxd2 Kf8 32. Kf2 Ke7 33. Re2+
Kd7 34. Rd2+ Kc7 35. Be2 Rd8 36. Rxd8 Kxd8 37. Kg3 Ke7 38. Kh4 h5 39. Kg5 f6+
40. Kh4 Be4 41. Kg3 Ke6 42. Kf2 h4 43. Ke3 Bxg2 0-1

[Event "SR 5. liga SE-SI 2017/2018"]
[Site "?"]
[Date "2018.02.17"]
[Round "7.4"]
[White "Romanova, Ela"]
[Black "Tomasovic, Pavol"]
[Result "1-0"]
[WhiteElo "1419"]
[BlackElo "1295"]
[PlyCount "39"]
[EventDate "2017.??.??"]
[WhiteTeam "Å K Skalica D"]
[BlackTeam "Å K Å tefanov B"]

1. e4 d6 2. d4 Nf6 3. Nc3 g6 4. Nf3 Bg7 5. Bc4 O-O 6. Be3 Nfd7 7. Qd2 Nb6 8.
Be2 c6 9. Bh6 d5 10. Bxg7 Kxg7 11. O-O-O dxe4 12. Nxe4 Nd5 13. h4 Bf5 14. Ng3
Qc8 15. h5 Qe6 16. hxg6 Qxg6 17. Nxf5+ Qxf5 18. Qh6+ Kg8 19. Ng5 Nf6 20. Bd3
1-0

[Event "SR 5. liga SE-SI 2017/2018"]
[Site "?"]
[Date "2018.02.17"]
[Round "7.4"]
[White "Klimesova, Gabriela"]
[Black "Roman, Milan"]
[Result "0-1"]
[WhiteElo "1334"]
[BlackElo "1000"]
[PlyCount "74"]
[EventDate "2017.??.??"]
[WhiteTeam "Å K Å tefanov B"]
[BlackTeam "Å K Skalica D"]

1. e4 e6 2. Nc3 d5 3. exd5 exd5 4. d4 Bb4 5. Bd2 Nf6 6. Qe2+ Qe7 7. g4 Bxg4 8.
Qxe7+ Bxe7 9. f3 Be6 10. Bg5 a6 11. Bxf6 Bxf6 12. O-O-O O-O 13. Bh3 Nc6 14.
Nge2 Bxh3 15. Nxd5 Bd8 16. Nef4 Be6 17. c4 Bg5 18. Rhg1 Bxf4+ 19. Nxf4 Bxc4 20.
b3 Be6 21. d5 Bxd5 22. Nxd5 Rac8 23. Rge1 f6 24. h4 Kf7 25. Kb2 Rfe8 26. Kc3
Ne7 27. Kc4 Nxd5 28. Rxe8 Kxe8 29. Rxd5 Rd8 30. f4 Rxd5 31. Kxd5 Kd7 32. a4 b6
33. Ke4 Kd6 34. Kf5 c5 35. h5 Ke7 36. Ke4 Ke6 37. f5+ Kd6 0-1

[Event "SR 5. liga SE-SI 2017/2018"]
[Site "?"]
[Date "2018.02.17"]
[Round "7.4"]
[White "Romanova, Ema"]
[Black "Novomeska, Karin"]
[Result "0-1"]
[WhiteElo "1000"]
[BlackElo "1205"]
[PlyCount "82"]
[EventDate "2017.??.??"]
[WhiteTeam "Å K Skalica D"]
[BlackTeam "Å K Å tefanov B"]

1. e4 e6 2. Nf3 d5 3. exd5 exd5 4. Qe2+ Be7 5. Nc3 Nf6 6. d3 Bg4 7. h3 Bh5 8.
Bg5 O-O 9. O-O-O Re8 10. g4 Bg6 11. Bg2 a6 12. Nh4 h6 13. Bxf6 Bxf6 14. Qd2
Bxh4 15. Nxd5 c6 16. Nc3 Qc7 17. f4 b5 18. g5 hxg5 19. fxg5 Qg3 20. Ne4 Bxe4
21. Bxe4 Bxg5 22. h4 Bxd2+ 23. Rxd2 Ra7 24. h5 Rd7 25. h6 g6 26. h7+ Kh8 27. b3
Qe5 28. Kb1 f5 29. Bf3 Rxh7 30. Rxh7+ Kxh7 31. Re2 Qxe2 32. Bxe2 Rxe2 33. Kb2
f4 34. Kc1 f3 35. Kd1 g5 36. a4 g4 37. axb5 g3 38. bxc6 g2 39. Kc1 g1=Q+ 40.
Kb2 Nxc6 41. Kc3 Qd4# 0-1

[Event "SR 5. liga SE-SI 2017/2018"]
[Site "?"]
[Date "2018.02.17"]
[Round "7.4"]
[White "Vozar, Adam"]
[Black "Roman, Michal"]
[Result "0-1"]
[WhiteElo "1058"]
[BlackElo "1000"]
[PlyCount "50"]
[EventDate "2017.??.??"]
[WhiteTeam "Å K Å tefanov B"]
[BlackTeam "Å K Skalica D"]

1. e4 d6 2. Nf3 e5 3. d4 Nc6 4. d5 Nce7 5. Nc3 a6 6. Bd3 Ng6 7. O-O Nf6 8. Bg5
h6 9. Bxf6 Qxf6 10. Qd2 Bg4 11. Kh1 Bxf3 12. gxf3 Qxf3+ 13. Kg1 Nf4 14. Qxf4
Qxf4 15. Ne2 Qg5+ 16. Kh1 O-O-O 17. Rg1 Qh4 18. Ng3 Qf6 19. Nf5 g6 20. Ng3 Qxf2
21. Rgf1 Qe3 22. Rxf7 Rd7 23. Rf6 Kd8 24. b4 b5 25. Rxg6 Rg7 0-1

[Event "SR 5. liga SE-SI 2017/2018"]
[Site "?"]
[Date "2018.03.03"]
[Round "8.1"]
[White "Jakubec, Milan"]
[Black "Fajtakova, Silvia"]
[Result "1-0"]
[WhiteElo "2004"]
[BlackElo "1336"]
[PlyCount "127"]
[EventDate "2017.??.??"]
[WhiteTeam "Å O Spartak Myjava"]
[BlackTeam "Å K Å tefanov B"]

1. e4 e5 2. Nf3 Nc6 3. Bc4 Nf6 4. Ng5 d5 5. exd5 Na5 6. d3 Nxd5 7. Qf3 Be6 8.
Nxe6 fxe6 9. Qh5+ Kd7 10. Bxd5 exd5 11. Qxe5 Qe8 12. Qxe8+ Rxe8+ 13. Kd1 Bc5
14. f3 Nc6 15. c3 d4 16. Nd2 Ne5 17. Kc2 Kc8 18. Ne4 Bb6 19. c4 a6 20. b4 Nc6
21. a3 a5 22. b5 Ne5 23. c5 Ba7 24. Bd2 a4 25. Rae1 Nd7 26. Bb4 Re5 27. b6 Bb8
28. bxc7 Bxc7 29. Kd2 Kd8 30. Rc1 Re6 31. Rc4 Ke8 32. Rxd4 Be5 33. Rd5 Bf4+ 34.
Kd1 Ne5 35. g3 Be3 36. Re1 Bh6 37. f4 Nf3 38. Re2 Ng1 39. Rg2 Nf3 40. Ke2 g5
41. Kxf3 gxf4 42. gxf4 Rf8 43. f5 Rg6 44. Nd6+ Kd7 45. Rxg6 hxg6 46. Ke4 Kc6
47. Bc3 gxf5+ 48. Rxf5 Rg8 49. Be5 Rg4+ 50. Bf4 Rh4 51. Rf6 Rxf4+ 52. Rxf4 Bxf4
53. Kxf4 b6 54. cxb6 Kxd6 55. h4 Kc6 56. h5 Kxb6 57. h6 Kc5 58. Ke5 Kc6 59. h7
Kc5 60. h8=Q Kb5 61. Kd5 Kb6 62. Qb8+ Ka6 63. Kc6 Ka5 64. Qa7# 1-0

[Event "SR 5. liga SE-SI 2017/2018"]
[Site "?"]
[Date "2018.03.03"]
[Round "8.1"]
[White "Tomasovic, Pavol"]
[Black "Solovic, Rastislav"]
[Result "0-1"]
[WhiteElo "1284"]
[BlackElo "1851"]
[PlyCount "80"]
[EventDate "2017.??.??"]
[WhiteTeam "Å K Å tefanov B"]
[BlackTeam "Å O Spartak Myjava"]

1. e4 e5 2. Nf3 Nc6 3. Bb5 Nf6 4. O-O Bc5 5. c3 O-O 6. d4 Bb6 7. Bg5 h6 8. Bh4
g5 9. Bg3 Nxe4 10. Bxc6 Nxg3 11. hxg3 dxc6 12. Nxe5 Qf6 13. f4 Rd8 14. Kh1 Be6
15. Nd2 Qg7 16. Qe2 f6 17. Nec4 Bd5 18. Nxb6 cxb6 19. Qf2 b5 20. b3 Re8 21.
fxg5 fxg5 22. Qf6 Re2 23. Qxg7+ Kxg7 24. Nf3 Rae8 25. Kh2 R8e3 26. Rae1 Bxf3
27. Rxe2 Bxe2 28. Re1 Kf6 29. g4 Re7 30. Kg3 Bd3 31. Rxe7 Kxe7 32. Kf3 Kd6 33.
Ke3 Bb1 34. a4 bxa4 35. bxa4 a5 36. c4 Bc2 37. c5+ Kd5 38. Kd2 Bxa4 39. Kc3 Bb5
40. g3 Be2 0-1

[Event "SR 5. liga SE-SI 2017/2018"]
[Site "?"]
[Date "2018.03.03"]
[Round "8.1"]
[White "Otepka, Vladimir"]
[Black "Novomeska, Karin"]
[Result "1-0"]
[WhiteElo "1758"]
[BlackElo "1205"]
[PlyCount "55"]
[EventDate "2017.??.??"]
[WhiteTeam "Å O Spartak Myjava"]
[BlackTeam "Å K Å tefanov B"]

1. d4 d5 2. c4 e6 3. Nc3 Nf6 4. Bg5 Be7 5. e3 Nc6 6. Nf3 b6 7. Bd3 Ba6 8. Qa4
Bb7 9. cxd5 exd5 10. Bb5 Qd6 11. Ne5 O-O 12. Bxc6 Bxc6 13. Qxc6 Qb4 14. O-O
Rfe8 15. Bxf6 Bxf6 16. Nxd5 Qd6 17. Nxf6+ Qxf6 18. Qxf6 gxf6 19. Nc6 Re6 20. d5
Rd6 21. e4 Re8 22. f3 a5 23. a4 Kh8 24. Rad1 h5 25. Rfe1 h4 26. h3 Kg7 27. Kf2
Kg6 28. f4 1-0

[Event "SR 5. liga SE-SI 2017/2018"]
[Site "?"]
[Date "2018.03.03"]
[Round "8.1"]
[White "Novomesky, Roman"]
[Black "Durec, Martin"]
[Result "0-1"]
[WhiteElo "1009"]
[BlackElo "1156"]
[PlyCount "80"]
[EventDate "2017.??.??"]
[WhiteTeam "Å K Å tefanov B"]
[BlackTeam "Å O Spartak Myjava"]

1. d4 d5 2. c4 b6 3. Nc3 Nf6 4. Bf4 a6 5. e3 dxc4 6. Bxc4 e6 7. Nf3 Bb7 8. O-O
Bd6 9. d5 exd5 10. Bxd5 Nxd5 11. Nxd5 Bxf4 12. Nxf4 Qxd1 13. Raxd1 O-O 14. Nd5
Bxd5 15. Rxd5 c5 16. Rfd1 Nc6 17. Ne5 Nxe5 18. Rxe5 Rfd8 19. Red5 Rxd5 20. Rxd5
c4 21. Kf1 Kf8 22. Ke2 Ke7 23. e4 b5 24. Kd2 Rb8 25. Kc3 Rb6 26. f4 Rh6 27. Rg5
Re6 28. Kd4 g6 29. g4 Rf6 30. Re5+ Kd7 31. Rd5+ Kc7 32. Ke5 Rc6 33. g5 b4 34.
Kd4 c3 35. bxc3 bxc3 36. Ra5 c2 37. f5 c1=Q 38. fxg6 hxg6 39. Ke5 Qc3+ 40. Kf4
Qxa5 0-1

[Event "SR 5. liga SE-SI 2017/2018"]
[Site "?"]
[Date "2018.03.03"]
[Round "8.1"]
[White "Belak, Michal"]
[Black "Vozar, Adam"]
[Result "1-0"]
[WhiteElo "1000"]
[BlackElo "1058"]
[PlyCount "105"]
[EventDate "2017.??.??"]
[WhiteTeam "Å O Spartak Myjava"]
[BlackTeam "Å K Å tefanov B"]

1. e4 e5 2. Nf3 Nc6 3. d4 f6 4. d5 Nce7 5. Be2 f5 6. O-O Nf6 7. exf5 Nxf5 8.
Nc3 d6 9. Bg5 e4 10. Nd4 Be7 11. Bxf6 Bxf6 12. Nxe4 Bxd4 13. c3 Qe7 14. cxd4
Qxe4 15. Bb5+ c6 16. Re1 Ne3 17. Rxe3 Qxe3 18. fxe3 cxb5 19. Qd3 Bd7 20. e4 O-O
21. Re1 Rfe8 22. e5 a6 23. e6 Rac8 24. Rf1 Bxe6 25. dxe6 Rxe6 26. Qb3 Rce8 27.
Re1 Kf7 28. Rxe6 Rxe6 29. Qf3+ Rf6 30. Qxb7+ Ke6 31. Qxa6 Ke7 32. Qxb5 Ke6 33.
a4 Rf5 34. Qc4+ d5 35. Qc6+ Kf7 36. a5 Rf6 37. Qxd5+ Re6 38. a6 g6 39. a7 Kg7
40. a8=R Rf6 41. Ra7+ Kh6 42. Qe4 Rf5 43. Qe3+ Rg5 44. Qxg5+ Kxg5 45. Rc7 Kf5
46. b4 Ke4 47. b5 Kxd4 48. b6 Ke5 49. b7 Kf5 50. b8=R h6 51. Rc6 Kg5 52. Rb5+
Kh4 53. Rc4# 1-0

[Event "SR 5. liga SE-SI 2017/2018"]
[Site "?"]
[Date "2018.03.03"]
[Round "8.2"]
[White "Papanek, Lubomir"]
[Black "Visvader, Kristof"]
[Result "1/2-1/2"]
[WhiteElo "1581"]
[BlackElo "1278"]
[PlyCount "128"]
[EventDate "2017.??.??"]
[WhiteTeam "Å K Nafta Gbely D"]
[BlackTeam "Interchess ZÅ  BorskÃ½ MikulÃ¡Å¡"]

1. e4 e5 2. Nf3 Nc6 3. d4 exd4 4. Bc4 Be7 5. Nxd4 d6 6. O-O Nf6 7. Nc3 O-O 8.
h3 Ne5 9. Be2 b6 10. f4 Ned7 11. Nc6 Qe8 12. Bf3 Bb7 13. Nxe7+ Qxe7 14. Re1
Rfe8 15. Qe2 Nc5 16. Nd5 Nxd5 17. exd5 Qxe2 18. Rxe2 Rxe2 19. Bxe2 Bxd5 20. b4
Nd7 21. Bb2 a5 22. c4 Be6 23. g4 g6 24. b5 Re8 25. Rf1 Bf5 26. Kf2 Be4 27. Re1
Bb7 28. Bf1 Rxe1 29. Kxe1 Kf8 30. Bd4 Ke7 31. Bd3 Nc5 32. Bxc5 bxc5 33. Kf2 d5
34. h4 d4 35. a4 f5 36. gxf5 Kf6 37. fxg6 hxg6 38. Kg3 Bc8 39. Be2 Bf5 40. Bd1
Bd3 41. Bb3 Kf5 42. Kf3 Be4+ 43. Kg3 d3 44. Bd1 d2 45. Bg4+ Kf6 46. Bd1 Bd3 47.
Kf2 Bxc4 48. Ke3 Kf5 49. Bc2+ Kf6 50. Kxd2 Be6 51. Ke3 Bf5 52. Bb3 Bg4 53. Ke4
Bf5+ 54. Ke3 Bb1 55. Bd1 Kf5 56. Bb3 Kg4 57. Bd1+ Kxh4 58. Kd2 Kg3 59. Ke3 Bf5
60. Bb3 Kh4 61. Kd2 Kh5 62. Bd1+ Kh6 63. Kc3 Be6 64. Be2 Kg7 1/2-1/2

[Event "SR 5. liga SE-SI 2017/2018"]
[Site "?"]
[Date "2018.03.03"]
[Round "8.2"]
[White "Nemeckay, Dominik"]
[Black "Ralbovsky, Milan"]
[Result "1-0"]
[WhiteElo "1471"]
[BlackElo "1421"]
[PlyCount "61"]
[EventDate "2017.??.??"]
[WhiteTeam "Interchess ZÅ  BorskÃ½ MikulÃ¡Å¡"]
[BlackTeam "Å K Nafta Gbely D"]

1. e4 e6 2. d4 d6 3. Nf3 Be7 4. Nc3 Bd7 5. Bd3 Nf6 6. O-O O-O 7. e5 Nd5 8. Ne4
h6 9. c3 Nc6 10. Bd2 a5 11. Qc1 a4 12. Bxh6 f5 13. exf6 Bxf6 14. Bg5 Nce7 15.
Re1 Ng6 16. Nxf6+ gxf6 17. Bxg6 fxg5 18. Qxg5 Qxg5 19. Nxg5 Nf4 20. Bh7+ Kg7
21. g3 Nh3+ 22. Nxh3 Kxh7 23. Ng5+ Kg6 24. Nxe6 Bxe6 25. Rxe6+ Kf5 26. Rae1 b5
27. h4 Kg4 28. Rg6+ Kh3 29. Re4 a3 30. h5 Rf4 31. Rxf4 1-0